Socio-anthropologie des religions (notice n° 1925485)

détails MARC
000 -LEADER
fixed length control field 00958cam a2200133 4500500
005 - DATE AND TIME OF LATEST TRANSACTION
control field 20260329023215.0
041 ## - LANGUAGE CODE
Language code of text/sound track or separate title fre
042 ## - AUTHENTICATION CODE
Authentication code dc
100 10 - MAIN ENTRY--PERSONAL NAME
Personal name Rivière, Claude
Relator term author
245 00 - TITLE STATEMENT
Title Socio-anthropologie des religions
260 ## - PUBLICATION, DISTRIBUTION, ETC.
Name of publisher, distributor, etc. Armand Colin,<br/>
Date of publication, distribution, etc. 2008.<br/>
520 ## - SUMMARY, ETC.
Summary, etc. L’ouvrage présente, à travers une lecture critique des grands auteurs du domaine (de Frazer à Eliade), les différents champs de l’anthropologie religieuse (croyances, mythes, fêtes, rites, divination, possession…). Sur cette base, il donne les clés de compréhension du phénomène religieux en général, et de ses résurgences actuelles en particulier. Apports de la 2e édition : mise à jour approfondie ; nouveaux développements sur les sectes, le religieux à l’épreuve de la modernité, les nouvelles formes de croyance.
856 41 - ELECTRONIC LOCATION AND ACCESS
Uniform Resource Identifier <a href="https://shs.cairn.info/socio-anthropologie-des-religions--9782200351953?lang=fr&redirect-ssocas=7080">https://shs.cairn.info/socio-anthropologie-des-religions--9782200351953?lang=fr&redirect-ssocas=7080</a>

Pas d'exemplaire disponible.

PLUDOC

PLUDOC est la plateforme unique et centralisée de gestion des bibliothèques physiques et numériques de Guinée administré par le CEDUST. Elle est la plus grande base de données de ressources documentaires pour les Étudiants, Enseignants chercheurs et Chercheurs de Guinée.

Adresse

627 919 101/664 919 101

25 boulevard du commerce
Kaloum, Conakry, Guinée

Réseaux sociaux

Powered by Netsen Group @ 2025